The roi of human capital : (Record no. 346667)
[ view plain ]
| 000 -LEADER | |
|---|---|
| fixed length control field | 01943 a2200181 4500 |
| 020 ## - INTERNATIONAL STANDARD BOOK NUMBER | |
| International Standard Book Number | 0814405746 (hardcover) |
| 020 ## - INTERNATIONAL STANDARD BOOK NUMBER | |
| International Standard Book Number | 9780814405741 (hardcover) |
| 082 04 - DEWEY DECIMAL CLASSIFICATION NUMBER | |
| Classification number | 658.15226 |
| 090 ## - LOCALLY ASSIGNED LC-TYPE CALL NUMBER (OCLC); LOCAL CALL NUMBER (RLIN) | |
| -- | 4217 |
| -- | 4217 |
| 100 1# - MAIN ENTRY--PERSONAL NAME | |
| Personal name | Fitz-enz, Dr. Jac. |
| 245 14 - TITLE STATEMENT | |
| Title | The roi of human capital : |
| Remainder of title | measuring the economic value of employee performance / |
| Statement of responsibility, etc. | Dr. Jac Fitz-enz. |
| 250 ## - EDITION STATEMENT | |
| Edition statement | 1st ed. |
| 260 ## - PUBLICATION, DISTRIBUTION, ETC. | |
| Place of publication, distribution, etc. | [S.l.] : |
| Name of publisher, distributor, etc. | AMACOM, |
| Date of publication, distribution, etc. | 2000. |
| 300 ## - PHYSICAL DESCRIPTION | |
| Extent | 316 p. ; |
| Dimensions | 24 cm. |
| 520 ## - SUMMARY, ETC. | |
| Summary, etc. | We all know that people--not cash, buildings, or equipment--are the lifeblood of any business enterprise. Yet, astonishingly, there has never been a reliable way to quantify the contribution of human capital to corporate profit...until now. In THE ROI OF HUMAN CAPITAL, Jac Fitz-enz draws on years of quantitative and qualitative research by his prestigious Saratoga Institute to provide a breakthrough methodology for measuring the bottom-line effect of employee performance. A prolific author, whose previous work includes Human Value Management, named Book of the Year by the Society for Human Resource Management, Fitz-enz has also been called "the father of human performance benchmarking." This new book offers a rare blend of management expertise and quantitative metrics, showing executives and HR professionals how to gauge human costs and productivity at three critical levels: * Organizational (contributions to corporate goals) * Functional (impact on process improvement) * Human resources management (value added by five basic HR department activities). With today's employee costs often exceeding 40 percent of corporate expense, measuring the value of this human capital is essential. Here, at last, is a resource that reveals how to do it and that helps managers determine how to invest most effectively in human productive potential. |
| 856 40 - ELECTRONIC LOCATION AND ACCESS | |
| Materials specified | Amazon.com |
| Uniform Resource Identifier | <a href="http://www.amazon.com/exec/obidos/ASIN/0814405746/chopaconline-20">http://www.amazon.com/exec/obidos/ASIN/0814405746/chopaconline-20</a> |
| 942 ## - ADDED ENTRY ELEMENTS (KOHA) | |
| Institution code [OBSOLETE] | NBS |
| Koha item type | Book |
| Call number prefix | 658.14226 JAC |
| Withdrawn status | Lost status | Damaged status | Not for loan | Permanent Location | Current Location | Date acquired | Total Checkouts | Full call number | Barcode | Date last seen | Price effective from | Koha item type |
|---|---|---|---|---|---|---|---|---|---|---|---|---|
| Central Library (CL) | Central Library (CL) | 08/28/2013 | 658.14226 JAC | NBS5108 | 08/28/2013 | 08/28/2013 | Book |
